000 00325nam a2200133Ia 4500
008 240624s9999 xx 000 0 und d
041 _aeng
082 _a006.312 WIL
100 _aWILLIAMS GRAHAM
245 _aDATA MINING WITH RATTLE AND R THE ART OF
260 _c2011
_bSpringer
300 _a374 : p.
365 _cERU
_b30
999 _c24424
_d24424